000
00324nam a22001337a 4500
020
_a
9788123917221
082
_a
543.07
_b
GRA/IN
100
_a
Gray,N
245
_a
Instrumental methods of analysis
260
_a
New Delhi
_b
CBS Publishers and Distributors
_c
2011
700
_a
Calvin,M
700
_a
Bhatia,S.C
942
_c
BK
999
_c
13908
_d
13908